MARC

LEADER 00000nam0a2200000 4500
001 263493
005 20231101233738.0
035 |a (RuTPU)RU\TPU\book\286478 
090 |a 263493 
100 |a 20140609d1987 k y0rusy50 ca 
101 0 |a rus 
102 |a RU 
105 |a a z 001zy 
200 1 |a Теплоотдача и сопротивление пакетов труб  |f И. А. Белов, Н. А. Кудрявцев 
210 |a Ленинград  |c Энергоатомиздат  |d 1987 
215 |a 223 с.  |c ил. 
320 |a Библиогр.: с. 216-220 
606 1 |a Теплопроводность  |x Теплотехника  |2 stltpush  |3 (RuTPU)RU\TPU\subj\59795  |9 77293 
610 1 |a теплоотдача 
610 1 |a трубы 
610 1 |a сопротивление 
610 1 |a турбулентность 
610 1 |a теплообмен 
610 1 |a моделирование 
610 1 |a изолированные трубы 
610 1 |a граничные условия 
610 1 |a поперечное обтекание 
675 |a 621.1.016.4  |v 3 
700 1 |a Белов  |b И. А.  |g Игорь Александрович 
701 1 |a Кудрявцев  |b Н. А.  |g Николай Анатольевич 
801 1 |a RU  |b 63413507  |c 20140609 
801 2 |a RU  |b 63413507  |c 20170209  |g RCR 
942 |c BK